Introducción al estructuralismo

Guardado en:
Bibliografiske detaljer
Hovedforfatter: Culler, Jonathan et al
Format: Bog
Sprog:Undetermined
Udgivet: Madrid, España Alianza Editorial 1976
Fag:
Tags: Tilføj Tag
Ingen Tags, Vær først til at tagge denne postø!

MARC

LEADER 00000nam a2200000Ia 4500
008 170316s9999 xx 000 0 und d
090 |a 801 C-35i 
100 |a Culler, Jonathan et al. 
245 |a Introducción al estructuralismo 
260 |a Madrid, España 
260 |b Alianza Editorial 
260 |c 1976 
300 |a 228páginas 
650 |a TEORÍA LITERARIA 
650 |a ESTRUCTURLISMO 
650 |a MÉTODOS LINGÜÍSTICOS 
650 |a ANTROPOLOGÍA ESTRUCTURAL 
650 |a SEMIÓTICA 
999 |c 20195  |d 20195 
040 |a cru BVZT 
942 |c 15 D  |h 801 C-35i  |2 z